000 00914nam a2200289Ia 4500
003 OSt
005 20221007121351.0
006 a|||||r|||| 00| 0
007 ta
008 221006b |||||||| |||| 00| 0 eng d
020 _a9780124169715 (pbk)
024 _a194533
037 _b112, 02/11/2015, N R Book Distributors
_cTextual
040 _aBDL
_cBDL
_beng
041 _2eng
_aeng
082 _aB28;f3, Q4 Carb
100 _aKallner Anders
_9711641
245 0 _aLaboratory statistics: handbook of formulas and terms
260 _aSan
_bDiego Elsevier
_c2014
300 _axiv, 139p. ill.
_ccm.
500 _aIndex 135-139p.
650 _a Comparing quantities
_9711642
650 _a Robust estimators
_9711643
650 _aRegression
_9711644
942 _hB28;f3, Q4 Carb
_cTEXL
_2CC
999 _c1208790
_d1208790